000 01508cam a22004097a 4500
003 CHAP
005 20220329142427.0
008 010118d1999 us a r 00110 eng d
010 _a83278
011 _a84250
020 _a0195120833
035 _a94769
040 _cCHAP
082 0 4 _a631.46
_bR62
100 0 0 _aRobertson, G. Philip
_e, ed.
_997955
245 1 0 _aStandard soil methods for long-term ecological research
_c/ed. by Philip Robertson G. [and others]
260 _aNew York :
_bOxford University,
_c1999.
300 _a462 p. :
_bilus. ; gráfs.
490 0 _aLong-term ecological research network
_v; 2
590 _aBATCH-UPD
_b10
_c20130109
_lUCH01
_h2357
590 _aBATCH-UPD
_b10
_c20130110
_lUCH01
_h0811
590 _aBATCH-UPD
_b10
_c20130409
_lUCH01
_h1931
590 _aBATCH-UPD
_b10
_c20130410
_lUCH01
_h0448
590 _aBATCH-UPD
_b10
_c20130914
_lUCH01
_h1729
590 _aCONVERSION
_b10
_c20130109
_lUCH01
_h1346
650 1 4 _aSuelos
_xEcología.
_9110343
650 1 4 _aSuelos
_xFísica de.
_9110373
650 1 4 _aSuelos
_xInvestigación.
_9110405
650 1 4 _aSuelos
_xMicrobiología.
_9110434
650 1 4 _aSuelos
_xQuímica de.
_9110470
830 0 0 _aLong-term ecological research network
_v; 2
_967574
901 _aBK
905 _aPatricia Mendoza P.
942 _cLIBRO
949 _a631.46 R62
_bBC
_cLIBRO
_d33724000812814
_eLIBRO
_g208849
_h98976
_i94769
_si
_t$ 816.00
949 _a631.46 R62
_bBC
_cLIBRO
_d33724000975041
_eLIBRO
_fc.2
_gI.00224348
_h106229
_i94769
_si
_t$1290.00
999 _c83278
_d83278